| 000 | 01137nam a22002777a 4500 | ||
|---|---|---|---|
| 003 | dpl | ||
| 005 | 20180604182054.0 | ||
| 008 | 180604b xxu||||| |||| 00| 0 eng d | ||
| 010 | _aB-076638 | ||
| 020 | _c160.00 | ||
| 035 | _aB-076638, B-076642 | ||
| 037 | _bCen Lib/Ret | ||
| 040 |
_aDPL _bHN _c0 |
||
| 082 |
_a230.3 _bदरबा |
||
| 100 |
_aदरबारी, जेनिस _991335 |
||
| 245 |
_aसाक्षात्कार श्रीमंत शंकरदेव / _cजेनिस दरबारी |
||
| 246 |
_aSakshatkar shreemant Shankardev / _bby Jenis Darbari |
||
| 260 |
_aलन्दन _bपीस ,लव एंड स्प्रितुअल हीलिंग अस्सोसितैओं _c2002 |
||
| 270 |
_bलन्दन _a40, देर सिंग्हम रोड _e1 |
||
| 300 |
_a176पृ. _c21सेमी(सजिल्द ) |
||
| 650 |
_aधर्म _x _z _991336 |
||
| 650 |
_aगरा मूर सूत्र _991337 |
||
| 650 |
_areligion _991338 |
||
| 650 |
_aGra Moore formula _991339 |
||
| 942 |
_2ddc _cHN _h230.3 _mदरबा |
||
| 999 |
_c120570 _d120570 |
||